000 00258nam a2200097Ia 4500
001 851640
005 20250826174459.0
008 250824s9999 xx 000 0 und d
245 0 _aALLAH DE ÖTESİNİ BIRAK -2- NİYET
_cUĞUR KOŞAR
260 _bDESTEK YAYINLARI
999 _c851640
_d851640